000 00311nam a22001337a 4500
008 170621b xxu||||| |||| 00| 0 eng d
020 _a9780253210494
041 _aeng
080 _a23
100 _a20
101 _aSHP
245 _aDEVELOPMENT , CHANGE, AND GENDER IN CAIRO
_cSINGERMAN,D
942 _2udc
_cBK
999 _c18408
_d18408